01013nam a22002534a 4500008004100000020002200041049000900063090001800072245014700090260004700237300005900284504004300343500002000386650002400406700001700430700002000447907003500467003000100502005001700503040000900520942002500529999001900554952018600573  a0443071012 (pbk.) aMAIN aRC271.C5bROY04aThe Royal Marsden Hospital handbook of cancer chemotherapy :ba guide for the multidisciplinary team /cedited by David Brighton, Miriam Wood. aEdinburgh :bChurchill Livingstone,c2005. axvii, 563 p. :bill. ;c25 cm. +e1 CD-ROM (4 3/4 in.) aIncludes bibliographical references.  aIncludes Index. aCancer chemotherapy aWood, Miriam aBrighton, David a.b1026629xb30-01-14c16-09-0920230120204018.0 cNUST cBOOKSkRC271.C5mROY c115538d115538 r2023-01-20 00:00:00l0oRC271.C5 ROYp92004009658t16170v30.00w2023-05-16yBOOKSzDonation102LCC40708NFIC00aMedicalbMedicalcGENd2023-05-16eBook Aid Internationalg30.00